000 01143cam a2200337 a 4500
001 17045377
003 NUST - PNEC
005 20170116181201.0
008 111115s2011 nyua 001 0 eng
010 _a 2011293265
020 _a9781435486560
020 _a1435486560
040 _cLIBRARY
042 _apcc
050 0 0 _aTL269
_b.O96 2011
082 _a629.246 OWE
100 1 _aOwen, Clifton E.
245 1 0 _aAutomotive brake systems : shop manual
_cClifton E. Owen.
246 1 4 _aAutomotive brake systems :
_bshop manual
250 _a5th ed.
260 _aClifton Park, NY :
_bDelmar, Cengage Learning,
_cc2011.
300 _axvi, 498 p. :
_bill. (some col.) ;
_c28 cm.
490 0 _aToday's technician
500 _aShop and classroom manuals are designed to be used together.
500 _aIncludes index.
650 0 _aAutomobiles
_xME, IME
_xBrakes
_xMaintenance and repair.
856 4 2 _3Publisher description
_uhttp://www.loc.gov/catdir/enhancements/fy1212/2011293265-d.html
906 _a7
_bcbc
_corignew
_d3
_encip
_f20
_gy-gencatlg
942 _2ddc
_cBK
999 _c71473
_d71473